000 00991nam a2200253 a 4500
001 83752
003 BD-RjUL
005 20240515124446.0
008 240515s2005 bg a|||| m||| 00| 0 eng d
035 _a(BD-RjUL)83752
040 _aBD-RjUL
_beng
_cBD-RjUL
_dBD-RjUL
041 _aeng
082 _223
_a589.2
_bBES 2005
100 _aBegum, Most. Ferdousi
245 1 0 _aScreening of Aspergilli from Sellulosic Waste Materials and Studies on their Cellulolytic Properties /
_cMost. Ferdousi Begum ;
_6Supervisor : M Shah Alam, Co-Supervisor : Nurul Absur
260 _aRajshahi :
_bDepartment of Botany, University of Rajshahi,
_c2005
300 _a[15], 252 Leaves :
_bill, ;
_c29 cm.
502 _aThesisi (Ph. D.) -- Department of Botany, University of Rajshahi, 2005
504 _aReferences : Leaves [229]-252
650 _aSellulosic
_vWaste Materials
_913023
700 _aAlam, M. Shahidul, Supervisor
_95797
700 _aAbsur, Nurul, Co-Supervisor
_913024
942 _2ddc
_cTHE
999 _c83752
_d83752